| 000 | 00544nam a2200145Ia 4500 | ||
|---|---|---|---|
| 008 | 150610s9999 xx 000 0 und d | ||
| 020 | _a9715118135 | ||
| 050 |
_a BV4501.3 _b.Y86 2003 |
||
| 100 | _aYun, Brother, 1958- | ||
| 245 | 4 |
_aThe heavenly man : _bthe remarkable true story of Chinese Brother Yun / _c[Brother Yun] ; with Paul Hattaway. |
|
| 260 |
_aMandaluyong City : _bOMF Literature Inc., _c2003. |
||
| 300 |
_a351pages ; _c20 cm. |
||
| 504 | _aOriginally published: London : Monarch Books, c2002. | ||
| 520 | _aChristian life. | ||
| 999 |
_c288130 _d288130 |
||